00294nam a2200121Ia 45000030006000000080041000060400015000471000009000622450063000712600009001345460012001430050017001550STCL150530s9999 xx 000 0 und d aSTCLcSTCL aShaw aDramatic opinions and essays with an apology by Shaw vol-1 c1907 aEnglish20220125171005.0